<?xml version="1.0" encoding="UTF-8"?>
<record
    xmlns:xsi="http://www.w3.org/2001/XMLSchema-instance"
    xsi:schemaLocation="http://www.loc.gov/MARC21/slim http://www.loc.gov/standards/marcxml/schema/MARC21slim.xsd"
    xmlns="http://www.loc.gov/MARC21/slim">

  <leader>01255nam a22002297a 4500</leader>
  <controlfield tag="005">20100730143011.0</controlfield>
  <datafield tag="010" ind1=" " ind2=" ">
    <subfield code="a">B-418606</subfield>
  </datafield>
  <datafield tag="020" ind1=" " ind2=" ">
    <subfield code="a">9788180385605</subfield>
    <subfield code="c">220.00</subfield>
  </datafield>
  <datafield tag="035" ind1=" " ind2=" ">
    <subfield code="a">B-418606</subfield>
  </datafield>
  <datafield tag="037" ind1=" " ind2=" ">
    <subfield code="a">UBH</subfield>
    <subfield code="b">RP/CLE;29/109/59/22-07-10/27-07-10</subfield>
  </datafield>
  <datafield tag="082" ind1=" " ind2=" ">
    <subfield code="a">340</subfield>
  </datafield>
  <datafield tag="100" ind1=" " ind2=" ">
    <subfield code="a">&#x92C;&#x938;&#x941;, &#x926;&#x941;&#x930;&#x94D;&#x917;&#x93E; &#x926;&#x93E;&#x938;</subfield>
    <subfield code="9">2695</subfield>
  </datafield>
  <datafield tag="245" ind1=" " ind2=" ">
    <subfield code="a">&#x92D;&#x93E;&#x930;&#x924; &#x915;&#x93E; &#x938;&#x902;&#x935;&#x93F;&#x927;&#x93E;&#x928;:</subfield>
    <subfield code="b">&#x90F;&#x915; &#x92A;&#x930;&#x93F;&#x91A;&#x92F;/</subfield>
    <subfield code="c">&#x926;&#x941;&#x930;&#x94D;&#x917;&#x93E; &#x926;&#x93E;&#x938; &#x92C;&#x938;&#x941;</subfield>
  </datafield>
  <datafield tag="246" ind1=" " ind2=" ">
    <subfield code="a">Bharat ka sambidhan:aek parichay</subfield>
    <subfield code="b">by Durga Das Basu</subfield>
  </datafield>
  <datafield tag="250" ind1=" " ind2=" ">
    <subfield code="a">9&#x935;&#x93E;&#x901; &#x938;&#x902;&#x938;&#x94D;&#x915;.</subfield>
  </datafield>
  <datafield tag="260" ind1=" " ind2=" ">
    <subfield code="a">&#x917;&#x941;&#x921;&#x93C;&#x917;&#x93E;&#x901;&#x935;</subfield>
    <subfield code="b">&#x932;&#x948;&#x915;&#x94D;&#x938;&#x93F;&#x938; &#x928;&#x948;&#x915;&#x94D;&#x938;&#x93F;&#x938;</subfield>
    <subfield code="c">2010</subfield>
  </datafield>
  <datafield tag="270" ind1=" " ind2=" ">
    <subfield code="a">14, &#x92E;&#x902;&#x91C;&#x93F;&#x932; &#x92C;&#x93F;&#x932;&#x94D;&#x921;&#x93F;&#x902;&#x917; &#x928;&#x902;0 10, &#x91F;&#x93E;&#x935;&#x930; &#x92C;&#x940;,&#x921;&#x940;.&#x90F;&#x932;.&#x90F;&#x92B;.</subfield>
    <subfield code="b">&#x917;&#x941;&#x921;&#x93C;&#x917;&#x93E;&#x901;&#x935;</subfield>
    <subfield code="e">122002</subfield>
    <subfield code="k">911244774444</subfield>
  </datafield>
  <datafield tag="300" ind1=" " ind2=" ">
    <subfield code="a">520&#x92A;&#x943;.</subfield>
    <subfield code="c">24&#x938;&#x947;.&#x92E;&#x940;.</subfield>
  </datafield>
  <datafield tag="942" ind1=" " ind2=" ">
    <subfield code="2">ddc</subfield>
    <subfield code="c">HN</subfield>
    <subfield code="h">340</subfield>
    <subfield code="m">&#x92C;&#x938;&#x941;&#x926;&#x941;</subfield>
  </datafield>
  <datafield tag="999" ind1=" " ind2=" ">
    <subfield code="c">38273</subfield>
    <subfield code="d">38273</subfield>
  </datafield>
  <datafield tag="952" ind1=" " ind2=" ">
    <subfield code="0">0</subfield>
    <subfield code="1">5</subfield>
    <subfield code="4">0</subfield>
    <subfield code="7">0</subfield>
    <subfield code="8">NFIC</subfield>
    <subfield code="a">L</subfield>
    <subfield code="b">L</subfield>
    <subfield code="d">2010-07-30</subfield>
    <subfield code="e">&#x906;&#x930;.&#x92A;&#x940;/&#x938;&#x940;.&#x90F;&#x932;</subfield>
    <subfield code="g">220.00</subfield>
    <subfield code="l">0</subfield>
    <subfield code="o">340 &#x92C;&#x938;&#x941;&#x926;&#x941;</subfield>
    <subfield code="p">B-418606</subfield>
    <subfield code="r">2010-07-30 00:00:00</subfield>
    <subfield code="t">1</subfield>
    <subfield code="v">220.00</subfield>
    <subfield code="y">HN</subfield>
  </datafield>
</record>
